LEADER 00890nam0-22002891i-450- 001 990007774140403321 035 $a000777414 035 $aFED01000777414 035 $a(Aleph)000777414FED01 035 $a000777414 100 $a20021010d--------km-y0itay50------ba 101 0 $aita 200 1 $aCodigo de comercio y legislacion mercantil complementaria$eLegislacion basica y leyes complementarias comentarios$fporFrancisco Josč Castro Meije ed altri 205 $a5° edz 210 $aMadrid$cColex$d1997 215 $a1360 p.$d20 cm 676 $a348 702 1$aCastro Meije,$bFrancisco Josč 710 02$aSpagna$077817 801 0$aIT$bUNINA$gRICA$2UNIMARC 901 $aBK 912 $a990007774140403321 952 $a14-A-86$b10130$fDDCP 959 $aDDCP 996 $aCodigo de comercio y legislacion mercantil complementaria$9666881 997 $aUNINA DB $aGEN01 LEADER 01003nam0 2200301 450 001 000027731 005 20100527112117.0 010 $a88-7180-604-2 100 $a20100527d1998----km-y0itaa50------ba 101 0 $aita 102 $aIT 200 1 $a<> nouvelle vague$fMichel Marie$g[traduzione dal francese di Dario Buzzolan] 210 $aTorino$cLindau$d1998 215 $a199 p.$d19 cm 225 2 $aStrumenti 410 0$12001$aStrumenti 606 1 $aCinematografo francese 676 $a791.430944$v(21. ed.)$9Cinema. Francia e principato di Monaco 700 1$aMarie,$bMichel$0444952 702 1$aBuzzolan,$bDario 801 0$aIT$bUniversitą della Basilicata - B.I.A.$gRICA$2unimarc 912 $a000027731 996 $aNouvelle vague$994819 997 $aUNIBAS BAS $aLETTERE CAT $aMDL$b30$c20100527$lBAS01$h1121 FMT Z30 -1$lBAS01$LBAS01$mBOOK$1BASA1$APolo Storico-Umanistico$2DID$BDidattica$3FP/109247$6109247$5L109247$820100527$f04$FPrestabile Didattica